Leyes N§ 18.301 a la 18.350 aprobadas bajo la Constitución de 1980
Salvato in:
| Natura: | Libro |
|---|---|
| Lingua: | spagnolo |
| Pubblicazione: |
Santiago
Jurídica de Chile
1985
|
| Serie: | Textos Legales, 94
|
| Soggetti: | |
| Tags: |
Aggiungi Tag
Nessun Tag, puoi essere il primo ad aggiungerne!!
|
MARC
| LEADER | 00000nam a2200000 a 4500 | ||
|---|---|---|---|
| 001 | UCR0787 | ||
| 003 | CL-VaPUC | ||
| 008 | 971205e19850000CL |||||||||||||||||spa|d | ||
| 082 | 0 | 4 | |a 348.022 |b LEY |2 21 |
| 245 | 1 | 0 | |a Leyes N§ 18.301 a la 18.350 aprobadas bajo la Constitución de 1980 |
| 300 | |a 277 p | ||
| 942 | |c BK | ||
| 945 | |d 19971205 00:00:00 |a lriquelm | ||
| 260 | |a Santiago |b Jurídica de Chile |c 1985 | ||
| 650 | 7 | |a LEGISLACION |2 CL-VaPUC |9 397139 | |
| 650 | 0 | |a Leyes |9 256670 | |
| 650 | 7 | |a FUENTES |2 CL-VaPUC |9 255666 | |
| 650 | 7 | |a DERECHO CHILENO |2 CL-VaPUC |9 397140 | |
| 650 | 7 | |a DECRETO CON FUERZA DE LEY |2 CL-VaPUC |9 358086 | |
| 650 | 7 | |a DECRETOS SUPREMOS |2 CL-VaPUC |9 396008 | |
| 651 | 7 | |a CHILE |2 CL-VaPUC |9 397141 | |
| 583 | |a last modification |c 19971205 00:00:00 |k Rodrigo Vera | ||
| 490 | 0 | |a Textos Legales, 94 | |
| 999 | |c 264285 |d 264283 | ||